| 000 | 01011nam2a22002171 4500 | ||
|---|---|---|---|
| 001 | RU\NLR\A1SV\45868 | ||
| 005 | 20251203152403.2 | ||
| 035 | _a(NLR Aleph) 009727995 | ||
| 090 |
_a13480366 _c13480366 |
||
| 100 | _a20030321d1923 u y0rusy50 ca | ||
| 101 | 0 | _arus | |
| 200 | 0 | _aВып.1 | |
| 215 |
_a91 с. _cил. |
||
| 320 | _aБиблиогр.: с.92 | ||
| 461 | 1 |
_1001RU\NLR\A1SV\45867 _12000#$aЖизнь и знание в числах$eСб. арифмет. задач для шк. 1 ступ.$fС.В.Зенченко$gВ.Л.Эменов$vВып.1 _1700#1$aЗенченко$bС.В.$f1863-после 1930$gСергей Васильевич _99898498 _aЗенченко, С.В. (1863-не ранее 1930) _cМ. _d1923 _e3-е изд. _fС.В.Зенченко _nГос. изд-во _oСб. арифмет. задач для шк. 1 ступ. _tЖизнь и знание в числах _vВып.1 |
|
| 801 | 0 |
_aRU _bNLR _c20030321 |
|
| 852 |
_aNLR _j10/133 |
||
| 942 | _cBOOK | ||
| 980 | _aA1SV | ||
| 980 | _aNB | ||